00780nam a2200229 i 4500001001000000003000900010005001700019007000300036008004100039020001500080040003000095082001400125100002800139245012600167264003600293300002800329336002700357337003300384338002800417500007300445504003200518000027724DO-SdBNP20240509094150.0ta110404s1994 dr 000 0 spa d a8460504395 aDO-SdBNPbspacBNPHUerda 4bR831p2221 aRossi, Máximo,eautor10aPraxis, historia y filosofía en el siglo XVIII :btextos de Antonio Sánchez Valverde (1729-90) /cMáximo Rossi, JR. aSanto Domingo :bTaller,c1994. a213 páginas ;c24 cm. 2rdacontentatextobtxt 2rdamediaasin mediaciónbn 2rdacarrieravolumenbnc aIncluye referencias bibliográficas y notas al pie de las páginas aBibliografía : p. 189-213